| 000 | 00736cam a2200241 a 4500 | ||
|---|---|---|---|
| 001 | 000011772 | ||
| 005 | 20200929162547.0 | ||
| 008 | 760213s1975 sp b 001 0 spa | ||
| 020 | _a8433900366 | ||
| 040 |
_aDO-SdBNP _bspa _cLC _dBNGR |
||
| 082 |
_a410.151 _bS487e |
||
| 100 | 1 |
_aSerrano, Sebastián, _d1945- _927846 |
|
| 245 | 1 | 0 |
_aElementos de lingüística matemática / _cSebastián Serrano. |
| 260 |
_aBarcelona : _bAnagrama, _c1975. |
||
| 300 |
_a301 p. ; _c20 cm. |
||
| 490 | 1 |
_aArgumentos, _v36 |
|
| 504 | _aBibliografía: p. 295-301. | ||
| 650 | 4 |
_aLinguística matemática _927847 |
|
| 650 | 4 |
_aModelos linguísticos _96708 |
|
| 830 | 0 |
_aArgumentos, _v36 _98962 |
|
| 910 | _aCatalogación por copia / LC | ||
| 049 | _aBNGR | ||
| 999 |
_c11446 _d11446 |
||